Famosos actuales con foto - Estadísticas

Estadísticas generales
  • Esta prueba ha sido intentada 607 veces
  • La puntuación promedio es 13 de 16
Estadísticas de respuestas
Imagen Respuesta % Correcto
Rosalia
99%
Bad Bunny
97%
Taylor Swift
96%
Zendaya
94%
Brad Pitt
92%
Dua Lipa
89%
Tom Holland
88%
Dwayne Johnson
87%
Jennifer Lopez
84%
Kim Kardashian
80%
Ryan Gosling
79%
Sabrina Carpenter
79%
Timothée Chalamet
74%
Lana del Rey
71%
Anne Hathaway
70%
Bella Hadid
62%
No se encontraron pruebas coincidentes
Distribución de puntuación
Porcentaje de gente con cada puntuación
Porcentaje por número respondido
Historial de tus puntuaciones
No has intentado esta prueba.